|
|
|
|
| LEADER |
00000naa2a2200000 4500 |
| 001 |
622081 |
| 005 |
20240123125934.0 |
| 035 |
|
|
|a (RuTPU)RU\TPU\conf\20733
|
| 035 |
|
|
|a RU\TPU\conf\20732
|
| 090 |
|
|
|a 622081
|
| 100 |
|
|
|a 20170206d2016 k y0rusy50 ca
|
| 101 |
0 |
|
|a rus
|
| 102 |
|
|
|a RU
|
| 105 |
|
|
|a y z 101zy
|
| 135 |
|
|
|a drcn ---uucaa
|
| 181 |
|
0 |
|a i
|
| 182 |
|
0 |
|a b
|
| 200 |
1 |
|
|a Разработка быстродействующего декодера БЧХ-кода (15, 5, 7) на ПЛИС
|f С. Е. Рыжова, Е. А. Мыцко, И. В. Зоев
|g науч. рук. А. Н. Мальчуков
|
| 203 |
|
|
|a Текст
|c электронный
|
| 225 |
1 |
|
|a Микропроцессорные системы, компьютерные сети и телекоммуникации
|
| 300 |
|
|
|a Заглавие с титульного экрана
|
| 320 |
|
|
|a [Библиогр.: с. 54 (5 назв.)]
|
| 461 |
|
1 |
|0 (RuTPU)RU\TPU\conf\20573
|t Молодежь и современные информационные технологии
|o сборник трудов XIV Международной научно-практической конференции студентов, аспирантов и молодых ученых, г. Томск, 7-11 ноября 2016 г.
|o в 2 т.
|f Национальный исследовательский Томский политехнический университет (ТПУ), Институт кибернетики (ИК) ; под ред. В. С. Аврамчук [и др.]
|d 2016
|
| 463 |
|
0 |
|0 (RuTPU)RU\TPU\conf\20574
|t Т. 1
|v [С. 52-54]
|d 2016
|
| 610 |
1 |
|
|a труды учёных ТПУ
|
| 610 |
1 |
|
|a электронный ресурс
|
| 610 |
1 |
|
|a декодеры
|
| 610 |
1 |
|
|a ПЛИС
|
| 610 |
1 |
|
|a беспроводные технологии
|
| 610 |
1 |
|
|a помехоустойчивые коды
|
| 610 |
1 |
|
|a передача данных
|
| 610 |
1 |
|
|a системы автоматизации
|
| 700 |
|
1 |
|a Рыжова
|b С. Е.
|c специалист в области информатики и вычислительной техники
|c программист Томского политехнического университета
|f 1999-
|g Светлана Евгеньевна
|3 (RuTPU)RU\TPU\pers\37087
|
| 701 |
|
1 |
|a Мыцко
|b Е. А.
|c специалист в области информатики и вычислительной техники
|c программист Томского политехнического университета
|f 1991-
|g Евгений Алексеевич
|3 (RuTPU)RU\TPU\pers\32945
|9 16793
|
| 701 |
|
1 |
|a Зоев
|b И. В.
|c специалист в области информатики и вычислительной техники
|c программист Томского политехнического университета
|g Иван Владимирович
|3 (RuTPU)RU\TPU\pers\36378
|
| 702 |
|
1 |
|a Мальчуков
|b А. Н.
|c специалист в области информатики и вычислительной техники
|c доцент Томского политехнического университета, кандидат технических наук
|f 1982-
|g Андрей Николаевич
|4 727
|
| 712 |
0 |
2 |
|a Национальный исследовательский Томский политехнический университет (ТПУ)
|b Институт кибернетики (ИК)
|3 (RuTPU)RU\TPU\col\18397
|
| 801 |
|
2 |
|a RU
|b 63413507
|c 20170210
|g RCR
|
| 856 |
4 |
|
|u http://earchive.tpu.ru/handle/11683/36946
|
| 942 |
|
|
|c BK
|